15 Seconds - Country Flags of the World - Statistics

General Stats
  • This quiz has been taken 37 times
  • The average score is 11 of 196
Answer Stats
Picture Answer % Correct
Australia
100%
Canada
100%
United Kingdom
100%
United States
100%
New Zealand
89%
Russia
89%
France
78%
Netherlands
78%
Italy
72%
Ireland
67%
Ivory Coast
56%
Bulgaria
39%
Hungary
28%
Madagascar
22%
Japan
17%
South Korea
11%
Bangladesh
6%
Brazil
6%
Palau
6%
Afghanistan
0%
Albania
0%
Algeria
0%
Andorra
0%
Angola
0%
Antigua and Barbuda
0%
Argentina
0%
Armenia
0%
Austria
0%
Azerbaijan
0%
Bahamas
0%
Bahrain
0%
Barbados
0%
Belarus
0%
Belgium
0%
Belize
0%
Benin
0%
Bhutan
0%
Bolivia
0%
Bosnia & Herzegovina
0%
Botswana
0%
Brunei
0%
Burkina Faso
0%
Burundi
0%
Cambodia
0%
Cameroon
0%
Cape Verde
0%
Central African Republic
0%
Chad
0%
Chile
0%
China
0%
Colombia
0%
Comoros
0%
Costa Rica
0%
Croatia
0%
Cuba
0%
Cyprus
0%
Czech Republic
0%
Denmark
0%
Djibouti
0%
Dominica
0%
Dominican Republic
0%
D.R. Congo
0%
East Timor
0%
Ecuador
0%
Egypt
0%
El Salvador
0%
Equatorial Guinea
0%
Eritrea
0%
Estonia
0%
Eswatini
0%
Ethiopia
0%
Fiji
0%
Finland
0%
F.S. of Micronesia
0%
Gabon
0%
Gambia
0%
Georgia
0%
Germany
0%
Ghana
0%
Greece
0%
Grenada
0%
Guatemala
0%
Guinea
0%
Guinea-Bissau
0%
Guyana
0%
Haiti
0%
Honduras
0%
Iceland
0%
India
0%
Indonesia
0%
Iran
0%
Iraq
0%
Israel
0%
Jamaica
0%
Jordan
0%
Kazakhstan
0%
Kenya
0%
Kiribati
0%
Kosovo
0%
Kuwait
0%
Kyrgyzstan
0%
Laos
0%
Latvia
0%
Lebanon
0%
Lesotho
0%
Liberia
0%
Libya
0%
Liechtenstein
0%
Lithuania
0%
Luxembourg
0%
Malawi
0%
Malaysia
0%
Maldives
0%
Mali
0%
Malta
0%
Marshall Islands
0%
Mauritania
0%
Mauritius
0%
Mexico
0%
Moldova
0%
Monaco
0%
Mongolia
0%
Montenegro
0%
Morocco
0%
Mozambique
0%
Myanmar
0%
Namibia
0%
Nauru
0%
Nepal
0%
Nicaragua
0%
Niger
0%
Nigeria
0%
North Korea
0%
North Macedonia
0%
Norway
0%
Oman
0%
Pakistan
0%
Panama
0%
Papua New Guinea
0%
Paraguay
0%
Peru
0%
Philippines
0%
Poland
0%
Portugal
0%
Qatar
0%
Rep. of the Congo
0%
Romania
0%
Rwanda
0%
Samoa
0%
San Marino
0%
Sao Tome & Principe
0%
Saudi Arabia
0%
Senegal
0%
Serbia
0%
Seychelles
0%
Sierra Leone
0%
Singapore
0%
Slovakia
0%
Slovenia
0%
Solomon Islands
0%
Somalia
0%
South Africa
0%
South Sudan
0%
Spain
0%
Sri Lanka
0%
St. Kitts & Nevis
0%
St. Lucia
0%
St. Vincent and the Grenadines
0%
Sudan
0%
Suriname
0%
Sweden
0%
Switzerland
0%
Syria
0%
Taiwan
0%
Tajikistan
0%
Tanzania
0%
Thailand
0%
Togo
0%
Tonga
0%
Trinidad & Tobago
0%
Tunisia
0%
Turkey
0%
Turkmenistan
0%
Tuvalu
0%
Uganda
0%
Ukraine
0%
United Arab Emirates
0%
Uruguay
0%
Uzbekistan
0%
Vanuatu
0%
Vatican City
0%
Venezuela
0%
Vietnam
0%
Yemen
0%
Zambia
0%
Zimbabwe
0%
No matching quizzes found
Score Distribution
Percent of People with Each Score
Percentile by Number Answered
Your Score History
You have not taken this quiz